000 00330nam a22001457a 4500
008 230901b ||||| |||| 00| 0 eng d
020 _a2800226731027
041 _aeng
080 _a101
082 _a101RUD
100 _a40
101 _aFILOZ
245 _aTHE GREAT DEVONIAN CONTRO-VERSY
_cRUDWICK .S.J.M
942 _2udc
_cBK
999 _c60237
_d60237